| 000 | 02409nam a22003497a 4500 | ||
|---|---|---|---|
| 001 | 102433 | ||
| 003 | KnowledgeUnlatched | ||
| 005 | 20210303105145.0 | ||
| 006 | m o d | ||
| 007 | cr u|||||||||| | ||
| 008 | 210129p20192019enk o u00| u eng d | ||
| 037 | _5BiblioBoard | ||
| 245 | 0 | 0 |
_aWater, Energy, and Environment _bA Primer / _cAllan Hoffman. |
| 020 | _a9781780409658 | ||
| 029 | 1 | _ahttps://library.biblioboard.com/ext/api/media/d71d0fd9-dfa2-4235-96a5-d564ca3012e4/assets/thumbnail.jpg | |
| 040 |
_aScCtBLL _cScCtBLL |
||
| 100 | 1 |
_aHoffman, Allan _eauthor. |
|
| 264 | 1 | _bIWA Publishing, | |
| 300 | _a1 online resource (217 p.) | ||
| 506 | 0 |
_aAccess copy available to the general public. _fUnrestricted _2star |
|
| 520 | _aThe book presents a clear explanation of the inextricable linkages among water, energy, and environment issues â€" the water/energy/environment nexus. Early chapters discuss the current water, energy, and environment contexts in detail, including an overview of global water issues, the importance of energy efficiency, traditional energy and emerging renewable energy technologies, global warming and climate change and other water- and energy-related environmental issues (e.g., water and air contamination, oil spills, radioactive waste storage, environmental impacts associated with solar, wind, hydropower, and biomass energy), the importance of recognizing and dealing with the nexus as well as policy implications and recommendations for moving forward. Insight is given into the policy process associated with the nexus, policy history, policy options, and steps people and institutions can take to address issues such as climate change, access to clean water, and energy poverty. | ||
| 588 | 0 | _aDescription based on print version record. | |
| 590 | _aKU Select 2018: STEM Frontlist Books | ||
| 650 | 7 |
_aScience / Environmental Science (see Also Chemistry / Environmental) _2bisacsh |
|
| 650 | 0 | _aScience | |
| 655 | 0 | _aElectronic books. | |
| 758 |
_iIs found in: _aKnowledge Unlatched _1https://openresearchlibrary.org/module/2774bc74-146a-484f-a7ba-ab1d6a09bbfb |
||
| 856 | 4 | 0 |
_uhttps://openresearchlibrary.org/content/d71d0fd9-dfa2-4235-96a5-d564ca3012e4 _zView this content on Open Research Library. _70 |
| 999 |
_c33793 _d33793 |
||